| 000 | 00379nam a2200145Ia 4500 | ||
|---|---|---|---|
| 008 | 230917s9999||||xx |||||||||||||| ||und|| | ||
| 040 |
_e137308 _aMAIN |
||
| 041 | _aEnglish | ||
| 082 | _a320.954 N259I | ||
| 100 | _aNeale, Walter C | ||
| 245 | 0 | _aIndia: The search for unity democracy and progress | |
| 260 |
_aNew York _bD Van Nostrand _c1965 |
||
| 300 | _a127 p. | ||
| 942 | _cBK | ||
| 999 |
_c61538 _d61538 |
||